Statystyki dla Najpopularniejsze Przeglądarki Internetowe

Kliknij tutaj aby rozwiązać quiz!

Ogólne statystyki

  • Ten quiz został rozwiązany 614 razy
  • Średni wynik to 4 z 8

Statystyki odpowiedzi

HintOdpowiedź% Poprawnych
62,61%Google Chrome
93%
2,74%Opera
88%
4,69%Mozilla Firefox
86%
2,21%Microsoft Edge
49%
15,6%Safari
46%
2,57%Internet Explorer
42%
3,45%UC Browser
1%
3,32%Samsung Internet Browser
0%

Rozkład punktacji

Percentyl według liczby udzielonych odpowiedzi

Procent ludzi z każdym wynikiem

Twoja historia wyników

Nie rozwiązałeś tego quizu